| 000 | 01477cam a22003737a 4500 | ||
|---|---|---|---|
| 003 | CHAP | ||
| 005 | 20220329142224.0 | ||
| 008 | 000225d1993 fr r 00110 fre d | ||
| 010 | _a80114 | ||
| 011 | _a81086 | ||
| 020 | _a2876141183 | ||
| 035 | _a91547 | ||
| 040 | _cCHAP | ||
| 082 | 0 | 4 |
_a631.0913 _bB7 |
| 100 | 0 | 0 |
_aBodart, Marie-Gabrielle. _913342 |
| 245 | 1 | 0 |
_aAgricultures tropicales : une sélection d'ouvrages et de périodiques francophones _c/pour Marie-Gabrielle Bodart |
| 260 |
_aMontpellier, France : _bCentre de Coopération Internationale en Recherche Agronomique pour le Developpement, _c1993. |
||
| 300 | _a328 p. | ||
| 410 | 2 | _aCentre de Coopération Internationale en Recherche Agronomique pour le Développement | |
| 490 | 0 |
_aLes bibliographies du CIRAD _v; 2 |
|
| 590 |
_aBATCH-UPD _b10 _c20130110 _lUCH01 _h0338 |
||
| 590 |
_aBATCH-UPD _b10 _c20130110 _lUCH01 _h2340 |
||
| 590 |
_aBATCH-UPD _b10 _c20130410 _lUCH01 _h0011 |
||
| 590 |
_aBATCH-UPD _b10 _c20130913 _lUCH01 _h2128 |
||
| 590 |
_aCONVERSION _b10 _c20130109 _lUCH01 _h1344 |
||
| 650 | 1 | 4 |
_aAgricultura _xTropicos _xBibliografia. _91891 |
| 650 | 1 | 4 |
_aDesarrollo rural _xBibliografía. _932069 |
| 810 | 0 | 0 |
_aCentre de Coopération Internationale en Recherche Agronomique pour le Développement _921028 |
| 830 | 0 | 0 |
_aLes bibliographies du CIRAD _v; 2 _966322 |
| 901 | _aBK | ||
| 905 | _aAlejandra Carrasco M. | ||
| 942 | _cLIBRO | ||
| 949 |
_a631.0913 B7 _bBC _cC _d33724000743050 _eC _h96913 _i91547 _sb |
||
| 999 |
_c80114 _d80114 |
||